书目信息 |
| 书名: | Modern American Drama:1945-2000 | |
| 作者: | C.W.E.Bigsby. | |
| 分册号: | ||
| 分册名: | 出版地: | 北京 : |
|
| 出版社: | 外语教学与研究出版社 | |
| 出版时间: | 2006. | |
| 页数: | 453 p. ; | |
| 开本: | 21cm. | |
| 丛书名: | ||
| 中图分类号: | ||
| 科图分类号: | ||
| 其他分类号: | I712.075 | |
| 主题词: | ||
| 电子资源: | ||
| 000 | 00592nam 2200205 a 4500 | |
| 001 | E0732409054 | |
| 005 | 20070824090328.01 | |
| 008 | 070824s2006 00010 eng | |
| 020 | @a7-5600-6006-4 :@cCNY52.90. | |
| 040 | @aPFT@bchi | |
| 041 | @aeng@bchi@heng | |
| 090 | @aI712.075 | |
| 099 | @dI712.075@ex516 | |
| 245 | @aModern American Drama:1945-2000 :@b1945-2000年的现代美国戏剧 / @cC.W.E.Bigsby. | |
| 246 | @a1945-2000年的现代美国戏剧 | |
| 250 | @a影印版. | |
| 260 | @a北京 :@b外语教学与研究出版社,@c2006. | |
| 300 | @a453 p. ;@c21cm. | |
| 500 | @a英美文学文库 | |
| 700 | @aBigsby,C.W.E. | |
| Modern American Drama:1945-2000 : : 1945-2000年的现代美国戏剧 / / C.W.E.Bigsby.-影印版.-北京 : : 外语教学与研究出版社, , 2006. |
| 453 p. ; ; 21cm. |
| 英美文学文库 |
| ISBN 7-5600-6006-4 :CNY52.90. |
| ● |
| 相关链接 |
|
|
|
|
正题名:Modern American Drama:1945-2000
索取号:I712.075/x516
 
预约/预借
| 序号 | 登录号 | 条形码 | 馆藏地/架位号 | 状态 | 备注 |
| 1 | 17330 | 300173309 | 第二样本阅览室/ [索取号:I712.075/x516] | 在馆 | |
| 2 | 17331 | 300173318 | 第四借阅区/ [索取号:I712.075/x516] | 在馆 | |
| 3 | 17332 | 300173327 | 第四借阅区/ [索取号:I712.075/x516] | 在馆 | |
| 4 | 17333 | 300173336 | 第四借阅区/ [索取号:I712.075/x516] | 在馆 | |
| 5 | 17334 | 300173345 | 第四借阅区/ [索取号:I712.075/x516] | 在馆 |